000 00621nam a2200229 i 4500
001 C2-0083358
003 PPAK
005 20180727085425.0
008 970429s my |||| ||||| | may d
040 _aPPAK
_beng
_cPPAK
_erda
082 0 4 _a306
_223
090 0 0 _a306
_bISM
_dKIH
100 0 _aIsmail Hussein,
_eauthor
245 1 0 _aCatatan kebudayaan
264 1 _aKuala Lumpur :
_bUniversiti Malaya ,
_c[date of publication not identified]
300 _a7 pages ;
_c28 cm
336 _2rdacontent
_atext
337 _2rdamedia
_aunmediated
338 _2rdacarrier
_avolume
650 1 0 _aCulture
942 _ddc
_cB
999 _c15823
_d15823